Central Library OPAC University of Rajshahi

The fire and the fountain : (Record no. 17280)

MARC details
000 -LEADER
fixed length control field 00755cam a2200253 a 4500
001 - CONTROL NUMBER
control field 17280
003 - CONTROL NUMBER IDENTIFIER
rucl marc code BD-RjUL
005 - DATE AND TIME OF LATEST TRANSACTION
control field 20211209000120.0
008 - FIXED-LENGTH DATA ELEMENTS--GENERAL INFORMATION
fixed length control field 140216s1955 enk 001 0 eng d
035 ## - SYSTEM CONTROL NUMBER
System control number (OCoLC)660786
-- (BD-RjUL) 17338
040 ## - CATALOGING SOURCE
Original cataloging agency DLC
Transcribing agency YNG
Modifying agency OCL
-- BD-RjUL
Language of cataloging eng
041 ## - LANGUAGE CODE
Language code of text/sound track or separate title eng
082 ## - DEWEY DECIMAL CLASSIFICATION NUMBER
Classification number 821.8
Author mark and year PRF 1955
099 ## - LOCAL FREE-TEXT CALL NUMBER (OCLC)
Bangla Class number *ML A.9K-AQN - 7P-H - F5
100 1# - MAIN ENTRY--PERSONAL NAME
Personal name Press, John
9 (RLIN) 53040
245 14 - TITLE STATEMENT
Title The fire and the fountain :
Remainder of title an essay on poetry /
Statement of responsibility, etc. by John Press
260 ## - PUBLICATION, DISTRIBUTION, ETC. (IMPRINT)
Place of publication, distribution, etc. London :
Name of publisher, distributor, etc. Oxford University Press,
Date of publication, distribution, etc. 1955.
300 ## - PHYSICAL DESCRIPTION
Pagination 255, [1] p. ;
Size 22 cm
500 ## - GENERAL NOTE
General note Index: p. 246-[256].
504 ## - BIBLIOGRAPHY, ETC. NOTE
Bibliography, etc Includes bibliographies
650 #0 - SUBJECT ADDED ENTRY--TOPICAL TERM
Topical term or geographic name as entry element English poetry
General subdivision Themes, motives
9 (RLIN) 53279
942 ## - ADDED ENTRY ELEMENTS (KOHA)
Source of classification or shelving scheme Dewey Decimal Classification
Koha item type Books
Holdings
Lost status Source of classification or shelving scheme Damaged status Not for loan Collection code Permanent Location Current Location Shelving location Date acquired Total Checkouts Full call number Date last seen Copy number Koha item type Source of acquisition Cost, normal purchase price
  Dewey Decimal Classification   Not For Loan Fiction Central Library, University of Rajshahi Central Library, University of Rajshahi Reading Room 16/02/2014   821.8 PRF 1955 16/02/2014 C-1 Books    
  Dewey Decimal Classification     Fiction Central Library, University of Rajshahi Central Library, University of Rajshahi   13/06/1968   821.8 PRF 1966 02/03/2014 C-2 Books Sweets & Zeitlinger 25.00